| 000 | 01191cam a2200301 a 4500 | ||
|---|---|---|---|
| 001 | 14766155 | ||
| 005 | 20150318115707.0 | ||
| 008 | 070216s2007 enka b 001 0 eng | ||
| 020 | _a9781856045872 (pbk.) | ||
| 020 | _a1856045870 (pbk.) | ||
| 040 |
_aUKM _cUKM _dYDXCP _dC#P _dBAKER _dBTCTA _dDLC |
||
| 082 | 0 | 0 |
_a023.9 _222 _bALL |
| 100 | 1 |
_aAllan, Barbara, _d1954- |
|
| 245 | 1 | 0 |
_aSupervising and leading teams in ILS / _cBarbara Allan. |
| 260 |
_aLondon : _bFacet Publishing, _cc.2007. |
||
| 300 |
_axvii, 204 p. : _bill. ; _c25 cm. |
||
| 504 | _aIncludes bibliographical references (p. [197]-198) and index. | ||
| 650 | 0 |
_aLibrary personnel management. _932783 |
|
| 650 | 0 | _aLibrary employees. | |
| 650 | 0 | _aSupervision of employees. | |
| 650 | 0 | _aIntegrated library systems (Computer systems) | |
| 653 |
_bGGEN _cMarch2015 |
||
| 655 |
_vreading book _934232 |
||
| 710 | 2 | _aChartered Institute of Library and Information Professionals (Great Britain) | |
| 906 |
_a7 _bcbc _ccopycat _d2 _encip _f20 _gy-gencatlg |
||
| 942 | _2ddc | ||
| 999 |
_c19064 _d19036 |
||